Spain or Portugal - Statistics

General Stats
  • This quiz has been taken 81 times
    39 since last reset
  • The average score is 11 of 15
Answer Stats
Question Answer % Correct
Has smaller population? Portugal
100%
Is larger by area? Spain
100%
Borders the Atlantic Ocean only? Portugal
92%
Has more GDP? Spain
92%
Has more independence movements inside their country? Spain
88%
Has more UNESCO sites? Spain
84%
Is more successful at international soccer level? Spain
84%
Is more mountainous? Spain
76%
Has more Ballon Dor's won by their players? Portugal
68%
Has better HDI? Spain
68%
Has a higher percentage of Christians? Portugal
60%
Has more GDP per capita? Spain
60%
Joined NATO first? Portugal
56%
Has less inhabited islands? Portugal
56%
Has more islands? Spain
44%
No matching quizzes found
Score Distribution
Percent of People with Each Score
Percentile by Number Answered
Your Score History
You have not taken this quiz since the last reset